000 00250nam a22000977a 4500
999 _c11303
_d11303
008 190207b ||||| |||| 00| 0 eng d
020 _a9780143441502
100 _aModi
_97045
245 _aExam Warriors
260 _aNew Delhi
_bPenguin Random House
_c2018